Trouvez le titre des chansons en trouvant les paroles - Statistiques

Statistiques générales
  • Ce quiz a été pris 441 fois
  • Le résultat moyen est 123 sur 202
Statistiques - réponses
Réponse % Correct
Ella, elle l'a | L'envie a
96%
Ella, elle l'a a,
96%
Voilà à
96%
L'envie J'
95%
Voilà j'
94%
Dis-moi | L'envie m'
94%
Ella, elle l'a d'
93%
Ella, elle l'a | L'envie l'
93%
L'envie L'
93%
L'envie d'
92%
Ella, elle l'a je
91%
Dis-moi | Voilà je
90%
Ella, elle l'a n'
89%
Voilà c'
88%
Voilà C'
88%
Ella, elle l'a la
87%
L'envie | Voilà le
86%
L'envie ai
84%
Ella, elle l'a de
83%
Ella, elle l'a elle
82%
Voilà est
82%
L'envie ma
82%
L'envie qu'
82%
Dis-moi | L'envie de
81%
L'envie et
81%
L'envie Et
81%
Voilà ma
80%
L'envie me
80%
Dis-moi tu
80%
Voilà et
79%
Voilà Me
79%
Voilà me
79%
Ella, elle l'a pas
79%
Ella, elle l'a Que
79%
L'envie On
78%
L'envie on
78%
Dis-moi ou
77%
Ella, elle l'a un
77%
Ella, elle l'a Ce
76%
Ella, elle l'a Qui
75%
Ella, elle l'a qui
75%
L'envie les
73%
Dis-moi pas
73%
Ella, elle l'a dans
72%
Ella, elle l'a quoi
72%
Ella, elle l'a nous
71%
L'envie qui
71%
L'envie Qui
71%
L'envie un
71%
Ella, elle l'a don
70%
Ella, elle l'a sais
70%
Voilà qui
69%
Voilà en
68%
Ella, elle l'a du
67%
Ella, elle l'a ont
67%
Dis-moi ne
65%
Ella, elle l'a autres
64%
Voilà Moi,
63%
Dis-moi moi
62%
Ella, elle l'a Ella
61%
Dis-moi suis
61%
Dis-moi ça
60%
Ella, elle l'a ciel
60%
Ella, elle l'a belle
59%
Ella, elle l'a met
59%
Voilà mon
59%
Ella, elle l'a cette
58%
Ella, elle l'a état
58%
Voilà suis
58%
Voilà dans
57%
Ella, elle l'a drôle
57%
L'envie vie
57%
L'envie ces
56%
Ella, elle l'a rend
56%
Dis-moi toi
55%
Ella, elle l'a voix
55%
Ella, elle l'a joie
54%
Voilà si
53%
Dis-moi si
52%
Dis-moi aimes
51%
Ella, elle l'a Ella, elle l'a
51%
Dis-moi Car
49%
Dis-moi Quand
48%
L'envie avoir
47%
L'envie donné
46%
L'envie donne
46%
L'envie bien
44%
Voilà envie,
44%
Dis-moi Dis-
43%
Dis-moi fou
43%
L'envie Toutes
43%
L'envie oublié
42%
L'envie trop
42%
L'envie aussi
41%
L'envie choses
41%
L'envie avant
40%
L'envie envie
40%
L'envie vivre
40%
L'envie avaient
39%
L'envie désir
39%
L'envie prix
39%
Voilà comme
38%
L'envie font
38%
L'envie mercis
38%
L'envie plaisir
38%
L'envie rêves
38%
L'envie allume
37%
Dis-moi dois
36%
Dis-moi hou
36%
L'envie L'envie
35%
Dis-moi partir
35%
Dis-moi appartiens
34%
Dis-moi Houna
34%
Dis-moi Dis-moi
32%
Voilà rêve,
32%
Voilà nu,
30%
Voilà même
26%
Voilà tant
24%
Voilà cri,
21%
Voilà mise
20%
Voilà crève,
19%
Voilà fini
19%
Voilà ici
18%
Voilà juste
18%
Voilà ris
18%
Voilà bruit
17%
Voilà gueule,
17%
Voilà silence
17%
Voilà pis
16%
Voilà Voilà
16%
Voilà Voilà,
16%
Voilà voilà,
16%
Voilà voilà
16%
Aucun quiz correspondant
Distribution des résultats
% des personnes avec chaque résultat
Percentile par nombre de réponses
Votre historique - résultats
Vous n’avez pas pris ce quiz